• 首页
  • 本馆介绍
  • 公告通知
  • 最新文献
  • 馆藏检索
  • 电子资源
  • 读者导购
  • 参考咨询
  • 我的图书馆
  • 登录
  • 详细信息显示
  • 放入我的书架
  • 预约/预借图书
  • 作者相关作品
  • 分类相关作品
  • 丛书相关作品
  • 出版社相关作品

书目信息

  • 表格格式
  • 工作单格式
  • 卡片格式
题名:
日本的文化摇篮
    
 
作者: 丛淑媛 编著
分册:  
出版信息: 上海   上海人民出版社  1984
页数: 231页
开本: 19cm
丛书名: 世界名城丛书
单 册:
中图分类: K931.35
科图分类:
主题词: 地理
电子资源:
ISBN:
000 00690nam2 2200253 45
001 0184008023
005 20060418153357.26
010    @dCNY0.61
091    @a11074.576
100    @a19960215d1984 em y0chiy0121 ea
101 0  @achi
102    @aCN@b310000
105    @af z 000yy
200 10 @a日本的文化摇篮@Ari ben de wen hua yao lan@e京都@f丛淑媛编著@Fcong shu yuan bian zhu
210    @a上海@c上海人民出版社@d1984
215    @a231页@c照片@d19cm
225 2  @a世界名城丛书
410  0 @120010@a世界名城丛书
606 0  @a地理
607    @a京都@x概况
690    @aK931.35
701  0 @a丛淑媛@Acong shu yuan@4编著
801  0 @aCN@bNLC@c20060418
905    @f1@b109128@dK931.35@e11
    
    日本的文化摇篮:京都/丛淑媛编著.-上海:上海人民出版社,1984
    231页:照片;19cm.-(世界名城丛书)
    
    
    ISBN :CNY0.61
    
●
相关链接 在E读中查询图书 在五车中查询图书 在当当中查询图书 在豆瓣中查询图书


正题名:日本的文化摇篮     索取号:K931.35/11         预约/预借

序号 登录号 条形码 馆藏地/架位号 状态 备注
1 0109127   202247407   密集书库/ [索取号:K931.35/11] 在馆    
2 0109128   000083778   密集书库/ [索取号:K931.35/11] 在馆    
3 0109129   000083787   第二样本阅览室/ [索取号:K931.35/11] 在馆    
唐山师范学院图书馆 欢迎您!
大连网信软件有限公司© 版权所有